Automotive engines : (Record no. 8058)

MARC details
000 -LEADER
fixed length control field 00884nac a22002291u 4500
010 ## - LIBRARY OF CONGRESS CONTROL NUMBER
LC control number 2006023738
020 ## - INTERNATIONAL STANDARD BOOK NUMBER
International Standard Book Number 1418009636
082 00 - DEWEY DECIMAL CLASSIFICATION NUMBER
Classification number 629.2504
Item number GIL
090 ## - LOCALLY ASSIGNED LC-TYPE CALL NUMBER (OCLC); LOCAL CALL NUMBER (OCLC)
-- 8058
-- 8058
100 ## - MAIN ENTRY--PERSONAL NAME
Personal name Gilles, Tim,
245 10 - TITLE STATEMENT
Title Automotive engines :
Remainder of title diagnosis, repair, rebuilding /
Statement of responsibility, etc Tim Gilles.
250 ## - EDITION STATEMENT
Edition statement 5th ed.
260 ## - PUBLICATION, DISTRIBUTION, ETC. (IMPRINT)
Place of publication, distribution, etc Clifton Park, NY :
Name of publisher, distributor, etc Thomson/Delmar Learning,2007
Date of publication, distribution, etc c2007.
300 ## - PHYSICAL DESCRIPTION
Extent xx, 663 p. :
Other physical details ill. ;
Dimensions 28 cm.
500 ## - GENERAL NOTE
General note Includes index.
500 ## - GENERAL NOTE
General note distributer: Al-Ahram
511 ## - PARTICIPANT OR PERFORMER NOTE
Participant or performer note catalogued by: wessam
650 #0 - SUBJECT ADDED ENTRY--TOPICAL TERM
Topical term or geographic name as entry element Automobiles
General subdivision Motors
-- Maintenance and repair.
856 41 - ELECTRONIC LOCATION AND ACCESS
Materials specified Table of contents only
Uniform Resource Identifier <a href="http://www.loc.gov/catdir/toc/ecip0617/2006023738.html">http://www.loc.gov/catdir/toc/ecip0617/2006023738.html</a>
942 ## - ADDED ENTRY ELEMENTS (KOHA)
Item type Book - Borrowing
Call number prefix 629.2504GIL
Holdings
Withdrawn status Item status Damaged status Not for loan Home library Current library Shelving location Date acquired Source of acquisition Total Checkouts Total Renewals Full call number Barcode Date last seen Date last borrowed Koha item type
        Central Library Central Library First floor 20/02/2008 Purchase 11 26 629.2504GIL 000009868 15/07/2025 20/11/2017 Book - Borrowing